000 00934cam a2200217 4500
001 WB3732-35
008 010822n2001 000 0 eng u
035 _a(Sirsi) u114266
245 _aViews on distress for rent
260 _c2001
490 _aSolicitors' Journal
_v145(32) 17 August 2001, 758(1)
520 _aA survey by city law firm Masons indicates that the majority of commercial landlords favour retaining distress for rent. The survey was conducted in response to the Lord Chancellor's Department's recent consultation paper, which recommends abolition of distress in the residential sector and its reform in the commercial sector.
590 _aWB
650 _aDISTRESS FOR RENT
650 _aSURVEY
650 _aMASONS
650 _aBUSINESS TENANCIES
650 _aPROPERTY-RESIDENTIAL PROPERTY-RESIDENTIAL LANDLORD AND TENANT-RESIDENTIAL TENANCIES
690 _aLandlord and tenant
_96252
942 _n0
999 _c68062
_d68062